Twenty years of Pakistan: 1947-1967

Guardat en:
Dades bibliogràfiques
Autor principal: Gauhar, Altaf (Autor)
Format: Llibre
Idioma:anglès
Publicat: Karachi Pakistan Publications 1967
Matèries:
Etiquetes: Afegir etiqueta
Sense etiquetes, Sigues el primer a etiquetar aquest registre!

MARC

LEADER 00000nam a2200000 a 4500
001 UCR6319
003 CL-VaPUC
008 980423e19670800PK |||||||||||||||||eng|d
082 0 4 |a 954.91  |b GAU  |2 21 
100 0 |a Gauhar, Altaf  |e author  |9 407460 
245 1 0 |a Twenty years of Pakistan: 1947-1967 
300 |a 850 p 
942 |c BK 
945 |d 19980423 00:00:00  |a crobeson 
260 |a Karachi  |b Pakistan Publications  |c 1967 
650 7 |a HISTORIA DE PAKISTAN 1947-1967  |2 CL-VaPUC  |9 407461 
651 7 |a PAKISTAN  |2 CL-VaPUC  |9 357943 
583 |a last modification  |c 19980423 00:00:00  |k Rodrigo Vera 
999 |c 268525  |d 268523